Datum a čas kvízu
31.5
Celkem bodů
Celkový počet nahraných bodů na tomto kvízu bez doplňovacích otázek.
5.
Pořadí na kvízu
Konečné umístění týmu na tomto kvízu.
Zaznamenané odpovědi
| # | Otázka | Odpověď | Body | Výsledky |
|---|---|---|---|---|
| 1. | Investigativní tým podílející... | Jan Novák | 0 | |
| 2. | Na švýcarských mincích se popr... | Roger Federer | 1 | |
| 3. | Minulý týden jsme se dozvěděli... | Milan Kundera | 0 | |
| 4. | V pondělí začala v jedné evrop... | Madrid | 0 | |
| 5. | Kapitán Arsenalu Pierre-Emeric... | na toaletu | 1 | |
| 6. | Toto téma zvítězilo minulý týd... | vakovlk | 0 | |
| 7. | Jakým způsobem souvisí s naším... | Na tomto fiktivním ostrově se odehrával děj filmu Jurský park. | 0 | |
| 8. | Latimérie, okapi, loděnka, lis... | živoucí fosílie | 1 | |
| 9. | Mnohým z vás jistě při přečten... | Mauricius | 0 | |
| 10. | Mezinárodní svaz ochrany příro... | Červený (seznam) | 1 |